000 00618nam a2200253 a 4500
003 AR-BaBNM
005 20251128203649.0
008 082120s2002 ||||||||||||||000 | spa||
020 _a950-843-022-2
040 _cAR-BaBNM
100 1 _aToledo, Mirta
245 0 0 _aLa semilla elemental
260 _aBuenos Aires
_bVinciguerra
_c1993
300 _a119 p.
650 4 _aLITERATURA ARGENTINA
650 4 _aLITERATURA CONTEMPORANEA
650 4 _aESCRITORES
650 4 _aINMIGRACION
650 4 _aCOSTUMBRES Y TRADICIONES
653 _aNARRATIVA
655 _aLITERATURA
942 _cBK
998 _cMARTIN
999 _c4384
_d4384